Normal view MARC view
  • Méndez Pineda, Juana María

Entry Nombre Personal

Number of records used in: 6

001 - NUMERO DE CONTROL

  • campo de control: 44146

003 - IDENTIFICADOR DE NUMERO DE CONTROL

  • campo de control: DLC

005 - FECHA Y HORA DE LA ÜLTIMA TRANSACCIÓN

  • campo de control: 20241209093919.0

008 - DATOS DE LONGITUD FIJA

  • campo de control de longitud fija: 220329n| azannaabn |a aaa c

010 ## - NÚMERO DE CONTROL DE LA BIBLIOTECA DEL CONGRESO

  • Número de control LC: no2008053617

035 ## - NUMERO DE CONTROL

  • Número de control: (OCoLC)oca07728767

035 ## - NUMERO DE CONTROL

  • Número de control: (CaEvSKY)skya8448711

040 ## - FUENTE DE CATALOGACIÓN

  • Agencia original de catalogación: MX-ZcUA
  • Lenguaje de catalogación: spa
  • Description conventions: rda
  • Agencia de transcripción: MX-ZcUA
  • Agencia que lo modifica: MX-SlUA
  • Agencia que lo modifica: MX-MxUPN

100 1# - ENCABEZAMIENTO - NOMBRE PERSONAL

  • Nombre personal: Méndez Pineda, Juana María

372 ## - CAMPO DE ACTIVIDAD

  • Field of activity: Formación de docentes

372 ## - CAMPO DE ACTIVIDAD

  • Field of activity: Investigación

372 ## - CAMPO DE ACTIVIDAD

  • Field of activity: Educación especial

372 ## - CAMPO DE ACTIVIDAD

  • Field of activity: Integración educativa

373 ## - GRUPO ASOCIADO

  • Associated group: Universidad Autónoma de san Luis Potosí. Facultad de Psicología

374 ## - OCUPACIÓN

  • Occupation: Profesora universitaria

374 ## - OCUPACIÓN

  • Occupation: Psicóloga

377 ## - LENGUA ASOCIADA

  • Language code: spa

400 1# - VEÁSE - NOMBRE DE PERSONA

  • Personal name: Pineda, Juana María Méndez

670 ## - FUENTE EN LA QUE SE LOCALIZARON DATOS

  • Cita de la fuente: El escrito académico, 2004:
  • Información localizada: portada (Juana María Méndez Pineda)

670 ## - FUENTE EN LA QUE SE LOCALIZARON DATOS

  • Cita de la fuente: Inclusión de alumnos con discapacidad en la Universidad Autónoma de San Luis Potosí, 2015:
  • Información localizada: portada (Juana María Méndez Pineda)

670 ## - FUENTE EN LA QUE SE LOCALIZARON DATOS

  • Cita de la fuente: El escrito académico: un tejido de textos múltiples, 2004:
  • Información localizada: portada (Juana María Méndez Pineda) solapa delantera (Juana María Méndez Pineda es licenciada en Psicología por la Universidad Autónoma de San Luis Potosí [...] También ha impartido cátedra en la especialidad, maestría y licenciatura en la Facultad de Psicología de la Universidad Autónoma de San Luis Potosí. Sus intereses de investigación abordan temáticas como la formación de docentes, la escuela de la diversidad, la educación especial y la integración educativa)